书目信息 |
| 题名: |
Authorware及其多媒体程序设计
|
|
| 作者: | 严烘华 编著 | |
| 分册: | ||
| 出版信息: | 北京 电子工业出版社 1998.08 |
|
| 页数: | 332页 | |
| 开本: | 16开 | |
| 丛书名: | ||
| 单 册: | ||
| 中图分类: | TP315 | |
| 科图分类: | ||
| 主题词: | 软件 | |
| 电子资源: | ||
| ISBN: | 7-5053-4869-8 | |
| 000 | 00575nam0 2200193 45 | |
| 001 | 0010101563 | |
| 005 | 20001010154741.2 | |
| 010 | @a7-5053-4869-8@d40.00元 | |
| 100 | @a20001010d1998 km y0chiy0120 ea | |
| 101 | 0 | @achi |
| 105 | @a z 000yy | |
| 200 | 1 | @aAuthorware及其多媒体程序设计@AAuthorware Ji Qi Duo Mei Ti Cheng Xu She Ji@f严烘华编著@FYan Hong Hua Bian Zhu |
| 210 | @a北京@c电子工业出版社@d1998.08 | |
| 215 | @a332页@d16开 | |
| 606 | 0 | @a软件 |
| 690 | @aTP315@v3 | |
| 701 | 0 | @a严烘华@4编著 |
| 801 | @aCN@bPftUser@c20001010 | |
| 905 | @b174529-531@dTP315@eY320@f3 | |
| Authorware及其多媒体程序设计/严烘华编著.-北京:电子工业出版社,1998.08 |
| 332页;16开 |
| ISBN 7-5053-4869-8:40.00元 |
| ● |
| 相关链接 |
|
|
|
正题名:Authorware及其多媒体程序设计
索取号:TP315/Y320
 
预约/预借
| 序号 | 登录号 | 条形码 | 馆藏地/架位号 | 状态 | 备注 |
| 1 | 174529 | 201745291 | 自科库301/301自科库 51排1列3层/ [索取号:TP315/Y320] | 在馆 | |
| 2 | 174530 | 201745308 | 自科库301/301自科库 57排3列2层/ [索取号:TP315/Y320] | 在馆 | |
| 3 | 174531 | 201745317 | 期刊室512/301自科库 51排1列4层/ [索取号:TP315/Y320] | 在馆 |